Édimbourg - Choix multiples - Statistiques

Statistiques générales
  • Ce quiz a été pris 2 405 fois
    2 286 depuis la dernière actualisation
  • Le résultat moyen est 5 sur 10
Statistiques - réponses
Question Réponse % Correct
Quel animal était Dolly, premier mammifère cloné au monde, à l’Institut Roslin d’Édimbourg ? Une brebis
84%
Laquelle de ces photos représente la ville d'Édimbourg ?
83%
Quelle saga littéraire marquée par l'esthétique de la ville a été en partie écrite à Édimbourg ? Harry Potter
77%
Lequel de ces acteurs ayant incarné James Bond est né à Édimbourg ? Sean Connery
70%
Quelle figure légendaire a donné son nom au volcan éteint qui domine Édimbourg ? Le roi Arthur
51%
Comment s’appelait le chien fidèle dont une statue près du cimetière Greyfriars rend hommage ? Bobby
45%
Quelle rue célèbre relie le château d’Édimbourg au palais de Holyroodhouse ? Royal Mile
36%
Quel est le nom du plus grand festival d’arts de la scène au monde, organisé chaque été à Édimbourg ? The Fringe
36%
Comment se nomme l'estuaire qui borde Édimbourg ? Firth of Forth
30%
Lesquels de ces penseurs ont participé par leurs œuvres au surnom d'Édimbourg comme "Athènes du Nord" ? David Hume et Adam Smith
29%
Aucun quiz correspondant
Distribution des résultats
% des personnes avec chaque résultat
Percentile par nombre de réponses
Votre historique - résultats
Vous n’avez pas pris ce quiz depuis la dernière actualisation